Statistics for All-Time Scottish Football Table

Click here to take the quiz!

General Stats

  • This quiz has been taken 34 times
    (24 since last reset)
  • The average score is 17 of 32

Answer Stats

Pos Pld W D L Pts Club Notes % Correct
1419926328197488711Celtic
*Deducted 4 points for fielding an ineligible
player during the 1890/91 season.
100%
34015176993113156223{Heart} {of} {Midlothian}
*Deducted 15 points for entering into
administration during the 2013/14 season.
100%
2404725937816738550Rangers
*Deducted 10 points for entering into
administration during the 2011/12 season.
100%
43834164993512505882Aberdeen
89%
53842146790714685308Hibernian
89%
93310107972415073961{St} {Mirren}
83%
1121748205597953019{Dundee} United
83%
2645216289201575East {Fife}
78%
63746139683015205018Motherwell
72%
73302124874413104488Dundee
72%
2013744133196421558{Dunfermline} Athletic
67%
2213163942756481456{Raith} Rovers
67%
302587467117289{Ross} County
67%
2112884202855831545{Ayr} United
61%
1618035974457612236{St} {Johnstone}
61%
83252116276413264250Kilmarnock
56%
283468961190334{Albion} Rovers
50%
39721255541East {Stirlingshire}
*Relegated to the Lowland League
at the end of the 2015/16 season.
50%
102948104766412373805{Partick} {Thistle}
50%
42386112129{Alloa} Athletic
39%
12244481556410653009Falkirk
33%
25456152123180582{Inverness} {C}{T}
22%
1817385423398571965{Hamilton} {Academical}
22%
2741414969196516Cowdenbeath
22%
1718556044048472216{Greenock} {Morton}
22%
1420866994359522532Clyde
22%
23672216133323781{Queen} {of} {the} {South}
17%
24597182127286679Dumbarton
17%
1914624252857521560{Queen's} {Park}
17%
293227972171309Arbroath
11%
312586965125272Livingston
11%
323586962227269{Stirling} {Albion}
11%

Score Distribution

Percentile by Number Answered

Percent of People with Each Score

Your Score History

You have not taken this quiz since the last reset